[Event "BRA-ch 90th"]
[Site "Natal"]
[Date "2024.12.19"]
[Round "9"]
[White "Pontes, Luiz Felizola Lima"]
[Black "De Lima, Alan Silva"]
[Result "1/2-1/2"]
[WhiteElo "1878"]
[BlackElo "1958"]
[PlyCount "70"]
[EventDate "2024.12.13"]
[EventType "swiss"]
[EventRounds "11"]
[EventCountry "BRA"]
[SourceTitle "CB52_2024"]
[SourceDate "2024.12.25"]
[SourceVersion "1"]
[SourceVersionDate "2024.12.25"]
[SourceQuality "1"]

1. e4 c5 2. Nf3 d6 3. d4 cxd4 4. Nxd4 Nf6 5. Nc3 a6 6. Nb3 Nbd7 7. a4 b6 8. g4 Bb7 9. Bg2 Qc7 10. g5 Ng8 11. Be3 e6 12. f4 Ne7 13. Qe2 Nc6 14. 0-0 0-0-0 15. f5 Re8 16. fxe6 fxe6 17. Nd4 Nxd4 18. Bxd4 Ne5 19. Bh3 Kb8 20. Qe3 Nc4 21. Qf2 e5 22. Be3 Nxe3 23. Qxe3 d5 24. Qe2 Bc5+ 25. Kh1 d4 26. Nd5 Bxd5 27. exd5 Qb7 28. Qe4 Re7 29. Rae1 Bd6 30. Rf3 Rd8 31. Ref1 Ka7 32. Rf8 Rxf8 33. Rxf8 b5 34. axb5 Qxb5 35. b3 Qa5 1/2-1/2

[Event "Joao Pessoa Fischer Memorial 11th"]
[Site "Joao Pessoa"]
[Date "2022.05.07"]
[Round "4"]
[White "De Lima, Alan Silva"]
[Black "Da Silva, Joao Carlos Orguim"]
[Result "0-1"]
[WhiteElo "1939"]
[BlackElo "1781"]
[PlyCount "96"]
[EventDate "2022.05.06"]
[EventType "swiss"]
[EventRounds "6"]
[EventCountry "BRA"]
[SourceTitle "EXT 2023"]
[Source "ChessBase"]
[SourceDate "2022.10.05"]
[SourceVersion "1"]
[SourceVersionDate "2022.10.05"]
[SourceQuality "1"]

1. c4 e5 2. g3 d5 3. cxd5 Qxd5 4. Nf3 Nc6 5. Bg2 Be6 6. 0-0 Qd7 7. Re1 0-0-0 8. Qa4 f6 9. Nc3 a6 10. d3 Nd4 11. Qxd7+ Rxd7 12. Nxd4 exd4 13. Ne4 Bb4 14. Bd2 Bxd2 15. Nxd2 Nh6 16. Nc4 b6 17. b4 f5 18. Nd2 Bd5 19. Bh3 Re7 20. a4 Rhe8 21. Bf1 Ng4 22. Rec1 Rxe2 23. Bxe2 Rxe2 24. Nc4 Kb7 25. Na3 Rxf2 26. Rc2 Rf3 27. Rac1 c6 28. b5 axb5 29. axb5 c5 30. Rd2 Ne3 31. Rf2 g5 32. Nb1 Rxf2 33. Kxf2 Ng4+ 34. Kg1 Ne5 35. Nd2 Nxd3 36. Rf1 f4 37. gxf4 gxf4 38. h4 c4 39. Nb1 f3 40. Na3 f2+ 41. Kh2 Ne5 42. Kg3 c3 43. Kxf2 Nc4 44. Nc2 d3 45. Nb4 Be4 46. Rg1 d2 47. Ke2 c2 48. Na6 c1Q 0-1

[Event "Joao Pessoa Fischer Memorial 7th"]
[Site "Joao Pessoa"]
[Date "2016.03.13"]
[Round "5"]
[White "De Lima, Alan Silva"]
[Black "Soares, Alberto M Colares"]
[Result "0-1"]
[WhiteElo "2006"]
[BlackElo "2119"]
[PlyCount "82"]
[EventDate "2016.03.11"]
[EventType "swiss"]
[EventRounds "6"]
[EventCountry "BRA"]
[SourceTitle "CBM 171 Extra"]
[Source "ChessBase"]
[SourceDate "2016.04.26"]
[SourceVersion "1"]
[SourceVersionDate "2016.04.26"]
[SourceQuality "1"]

1. c4 g6 2. g3 Bg7 3. Bg2 e5 4. Nc3 Nc6 5. d3 d6 6. Nf3 f5 7. Qb3 Nf6 8. Bg5 h6 9. Bxf6 Bxf6 10. e4 Bd7 11. Nd5 Rb8 12. Qc3 0-0 13. 0-0-0 Bg7 14. Rhf1 g5 15. h3 g4 16. hxg4 fxg4 17. Ng1 Nd4 18. Qd2 c6 19. Nc3 Nf3 20. Qe3 Qg5 21. Kb1 Nh2 22. Rfe1 Qxe3 23. fxe3 Rf2 24. Re2 Rbf8 25. d4 Rxe2 26. Ngxe2 Rf2 27. Bh1 Nf1 28. Re1 Nxe3 29. d5 Nxc4 30. Nd1 Rh2 31. Nec3 c5 32. a4 a6 33. Rg1 h5 34. Ka2 b5 35. Bg2 Bh6 36. axb5 axb5 37. Bf1 Bc1 38. Kb1 Bxb2 39. Bxc4 Bxc3 40. Bb3 Bd4 41. Rf1 Kg7 0-1

[Event "Joao Pessoa Fischer Memorial 7th"]
[Site "Joao Pessoa"]
[Date "2016.03.13"]
[Round "6"]
[White "Serafim Junior, Arnor"]
[Black "De Lima, Alan Silva"]
[Result "1/2-1/2"]
[WhiteElo "1856"]
[BlackElo "2006"]
[PlyCount "61"]
[EventDate "2016.03.11"]
[EventType "swiss"]
[EventRounds "6"]
[EventCountry "BRA"]
[SourceTitle "CBM 171 Extra"]
[Source "ChessBase"]
[SourceDate "2016.04.26"]
[SourceVersion "1"]
[SourceVersionDate "2016.04.26"]
[SourceQuality "1"]

1. Nf3 c5 2. g3 g6 3. Bg2 Bg7 4. 0-0 Nc6 5. d3 d6 6. e4 Bd7 7. Nbd2 Nf6 8. Re1 0-0 9. a4 Qc8 10. Nc4 Bh3 11. e5 Bxg2 12. Kxg2 dxe5 13. Nfxe5 Nxe5 14. Rxe5 Qd7 15. Rxc5 Ng4 16. Qf3 Rad8 17. Rb5 b6 18. h3 Nf6 19. Ne5 Qc7 20. Qc6 Qb8 21. Bf4 Nh5 22. Qf3 Nxf4+ 23. gxf4 Qc7 24. c3 a6 25. Rb4 Bxe5 26. fxe5 Qxe5 27. Rxb6 Rd6 28. Rxd6 Qxd6 29. d4 Rb8 30. b4 Qc7 31. Qg3 1/2-1/2

[Event "Natal-ch"]
[Site "Natal"]
[Date "2016.02.08"]
[Round "6"]
[White "Hungaski, Robert Andrew"]
[Black "De Lima, Alan Silva"]
[Result "1-0"]
[WhiteElo "2475"]
[BlackElo "1996"]
[PlyCount "137"]
[EventDate "2016.02.06"]
[EventType "swiss"]
[EventRounds "6"]
[EventCountry "BRA"]
[SourceTitle "CBM 171 Extra"]
[Source "ChessBase"]
[SourceDate "2016.04.26"]
[SourceVersion "1"]
[SourceVersionDate "2016.04.26"]
[SourceQuality "1"]

1. e4 c5 2. Nf3 d6 3. d4 cxd4 4. Nxd4 Nf6 5. f3 a6 6. c4 h6 7. Nc3 e6 8. Be3 Be7 9. Be2 Nc6 10. 0-0 0-0 11. Nc2 Qc7 12. Rc1 Ne5 13. Na3 Bd7 14. Qd2 Rfd8 15. Rfd1 Ng6 16. Bf1 Rac8 17. Qf2 Re8 18. Bb6 Qb8 19. Bd4 Bd8 20. Ba7 Qc7 21. Bd4 e5 22. Be3 Be6 23. b4 Rf8 24. Nab1 Be7 25. Nd2 Bd7 26. Nb3 Qb8 27. a3 Kh7 28. Bb6 Be6 29. Na5 Nd7 30. Ba7 Qa8 31. Nd5 Bh4 32. g3 Bd8 33. Be3 Bxd5 34. Rxd5 Bc7 35. Bh3 Rcd8 36. Nb3 Ne7 37. Rdd1 Nf6 38. Kh1 Qb8 39. a4 b6 40. Qe2 Qb7 41. Rb1 Rb8 42. Bf1 Ra8 43. Rdc1 Rfb8 44. Qd3 Ne8 45. Bf2 Rd8 46. Na1 Qc6 47. b5 Qb7 48. Nc2 a5 49. Ne3 Nf6 50. Nd5 Nexd5 51. cxd5 Nd7 52. Rc6 Rac8 53. Bh3 Rb8 54. Bxd7 Rxd7 55. Rbc1 Re8 56. R1c4 f6 57. Kg2 Ree7 58. Be3 Re8 59. Qc3 Ree7 60. Qd3 Re8 61. Qc2 Rc8 62. Bxb6 Bxb6 63. Rxc8 Qa7 64. R8c6 Kg6 65. h4 Kh7 66. Qe2 g5 67. h5 Kg7 68. f4 exf4 69. gxf4 1-0

[Event "Natal Potiguar op 10th"]
[Site "Natal"]
[Date "2015.07.04"]
[Round "3"]
[White "De Lima, Alan Silva"]
[Black "Lemos, Doriedson"]
[Result "1/2-1/2"]
[WhiteElo "1939"]
[BlackElo "2097"]
[PlyCount "52"]
[EventDate "2015.07.03"]
[EventType "swiss"]
[EventRounds "6"]
[EventCountry "BRA"]
[SourceTitle "CBM 167 Extra"]
[Source "ChessBase"]
[SourceDate "2015.09.14"]
[SourceVersion "1"]
[SourceVersionDate "2015.09.14"]
[SourceQuality "1"]

1. c4 Nf6 2. d4 e6 3. g3 d5 4. cxd5 Qxd5 5. Nf3 Bb4+ 6. Bd2 Bxd2+ 7. Nbxd2 0-0 8. Bg2 c5 9. dxc5 Qxc5 10. 0-0 Nc6 11. Rc1 Qe7 12. Qc2 e5 13. e3 Rd8 14. a3 Be6 15. Ng5 Rac8 16. Nxe6 Qxe6 17. Rcd1 h6 18. Qb1 Rd6 19. Ne4 Nxe4 20. Bxe4 g6 21. Rxd6 Qxd6 22. Rd1 Qe6 23. Bd5 Qf6 24. b4 Kg7 25. Bg2 Qe6 26. Bd5 Qf6 1/2-1/2

[Event "Natal Potiguar op 10th"]
[Site "Natal"]
[Date "2015.07.04"]
[Round "4"]
[White "Rocha, Vitor Firmo de Souz"]
[Black "De Lima, Alan Silva"]
[Result "0-1"]
[WhiteElo "2100"]
[BlackElo "1939"]
[PlyCount "83"]
[EventDate "2015.07.03"]
[EventType "swiss"]
[EventRounds "6"]
[EventCountry "BRA"]
[SourceTitle "CBM 167 Extra"]
[Source "ChessBase"]
[SourceDate "2015.09.14"]
[SourceVersion "1"]
[SourceVersionDate "2015.09.14"]
[SourceQuality "1"]

1. e4 c5 2. b3 Nf6 3. e5 Qc7 4. Bb2 Nd5 5. Nf3 e6 6. Nc3 Nxc3 7. Bxc3 a6 8. a4 Be7 9. Bd3 Nc6 10. 0-0 b6 11. Re1 Bb7 12. Qe2 g5 13. Red1 h5 14. Bc4 g4 15. Ne1 Nd4 16. Bxd4 cxd4 17. c3 d5 18. Bd3 dxc3 19. dxc3 Rg8 20. Rac1 h4 21. c4 d4 22. Be4 0-0-0 23. Nd3 g3 24. fxg3 hxg3 25. h3 Kb8 26. Qf3 Bxe4 27. Qxe4 Bg5 28. Rc2 Be3+ 29. Kh1 Rg5 30. Nb4 Qb7 31. Qf3 Rh8 32. Nc6+ Kc8 33. Re2 Rf5 34. Qe4 Rf4 35. Rxe3 Rxe4 36. Rxe4 Qxc6 37. Rexd4 Rxh3+ 38. Kg1 Rh5 39. b4 a5 40. c5 axb4 41. cxb6 Qxb6 42. a5 0-1

[Event "Natal Academia Potiguar 8th"]
[Site "Natal"]
[Date "2015.06.06"]
[Round "2.1"]
[White "De Lima, Alan Silva"]
[Black "Macedo, Maximo Valerio"]
[Result "1-0"]
[WhiteElo "1933"]
[BlackElo "2107"]
[PlyCount "69"]
[EventDate "2015.06.05"]
[EventType "swiss"]
[EventRounds "5"]
[EventCountry "BRA"]
[SourceTitle "EXT 2022"]
[Source "ChessBase"]
[SourceDate "2021.10.06"]
[SourceVersion "1"]
[SourceVersionDate "2021.10.06"]
[SourceQuality "1"]

1. c4 e5 2. g3 d6 3. Bg2 f5 4. d3 Nf6 5. Nc3 g6 6. Nf3 Bg7 7. 0-0 0-0 8. Qb3 Kh8 9. c5 Na6 10. cxd6 cxd6 11. Re1 Nc5 12. Qd1 Ne6 13. e3 Bd7 14. d4 e4 15. Nd2 d5 16. b4 g5 17. Qb3 Be8 18. Bh3 g4 19. Bg2 Ng5 20. a4 Bf7 21. Ba3 Qd7 22. b5 Rfd8 23. Rec1 Nf3+ 24. Nxf3 gxf3 25. Bf1 Be6 26. a5 Qf7 27. Qd1 Qh5 28. Be7 Re8 29. Bd6 f4 30. Bxf4 Bh3 31. Bxh3 Qxh3 32. Qf1 Qh5 33. Na4 Rac8 34. Rxc8 Rxc8 35. Rc1 1-0

[Event "Recife Arraes Memorial 8th"]
[Site "Recife"]
[Date "2015.05.02"]
[Round "4"]
[White "Lemos, Doriedson"]
[Black "De Lima, Alan Silva"]
[Result "1-0"]
[WhiteElo "2086"]
[BlackElo "1956"]
[PlyCount "42"]
[EventDate "2015.05.01"]
[EventType "swiss"]
[EventRounds "6"]
[EventCountry "BRA"]
[SourceTitle "EXT 2018"]
[Source "ChessBase"]
[SourceDate "2017.10.13"]
[SourceVersion "1"]
[SourceVersionDate "2017.10.13"]
[SourceQuality "1"]

1. d4 c6 2. c4 d5 3. Nf3 Bg4 4. Ne5 Bh5 5. cxd5 f6 6. dxc6 bxc6 7. Nf3 e6 8. Nc3 Bd6 9. Qb3 Qc8 10. e4 Bf7 11. Bc4 Ne7 12. e5 fxe5 13. dxe5 Bc7 14. Bg5 Nd5 15. Qa3 Qd7 16. Ne4 Bb6 17. Nd6+ Kf8 18. Bxd5 exd5 19. Nc8+ Kg8 20. Nxb6 axb6 21. Qxa8 Qc7 1-0

[Event "Recife Arraes Memorial 8th"]
[Site "Recife"]
[Date "2015.05.01"]
[Round "2"]
[White "De Lima, Alan Silva"]
[Black "Cavalcanti, Francisco de Assis"]
[Result "0-1"]
[WhiteElo "1956"]
[BlackElo "2197"]
[PlyCount "62"]
[EventDate "2015.05.01"]
[EventType "swiss"]
[EventRounds "6"]
[EventCountry "BRA"]
[SourceTitle "EXT 2016"]
[Source "ChessBase"]
[SourceDate "2015.10.08"]
[SourceVersion "1"]
[SourceVersionDate "2015.10.08"]
[SourceQuality "1"]

1. c4 Nf6 2. Nc3 g6 3. g3 Bg7 4. Bg2 0-0 5. d4 d6 6. e4 Nbd7 7. f4 e5 8. fxe5 dxe5 9. d5 Qe7 10. a3 a5 11. Nge2 Qc5 12. Qd3 Ng4 13. Nd1 f5 14. Be3 Nxe3 15. Nxe3 Qb6 16. exf5 Nc5 17. Qc2 Nb3 18. c5 Nxa1 19. cxb6 Nxc2+ 20. Nxc2 Bxf5 21. Ne3 cxb6 22. a4 Rac8 23. Nc3 Bd3 24. Kd2 e4 25. Nxe4 Bxe4 26. Bxe4 Rf2+ 27. Kd3 Rxb2 28. Nd1 Rb3+ 29. Kd2 Bh6+ 30. Ke2 Re8 31. Nf2 Re3+ 0-1

[Event "American Continental 10th"]
[Site "Praia da Pipa"]
[Date "2014.10.24"]
[Round "9"]
[White "De Lima, Alan Silva"]
[Black "Hernandez Amura, Gilberto"]
[Result "1-0"]
[WhiteElo "1904"]
[BlackElo "2061"]
[PlyCount "99"]
[EventDate "2014.10.18"]
[EventType "swiss"]
[EventRounds "11"]
[EventCountry "BRA"]
[SourceTitle "EXT 2015"]
[Source "ChessBase"]
[SourceDate "2014.11.20"]
[SourceVersion "1"]
[SourceVersionDate "2014.11.20"]
[SourceQuality "1"]

1. c4 e5 2. g3 Nf6 3. Bg2 c6 4. Nf3 e4 5. Nd4 d5 6. cxd5 Qxd5 7. Nc2 Qh5 8. h3 Na6 9. Nc3 Qg6 10. Ne3 Bc5 11. Qa4 b5 12. Qc2 Nb4 13. Qb1 Bxe3 14. dxe3 Bf5 15. a3 Nbd5 16. Qc2 0-0 17. b3 h5 18. h4 Qg4 19. Nd1 c5 20. Bb2 c4 21. Bd4 Rfc8 22. b4 a5 23. bxa5 Rxa5 24. Qd2 Rca8 25. Bc5 Ra4 26. Nc3 Nxc3 27. Qxc3 Rc8 28. Bd4 Nd5 29. Qb2 b4 30. axb4 Rxb4 31. Qc2 c3 32. Bh3 Qg6 33. Bxf5 Qxf5 34. 0-0 Rb2 35. Qd1 Nb4 36. Bxc3 Rxc3 37. Qd8+ Kh7 38. Ra8 Qg4 39. Qh8+ Kg6 40. Rg8 Kf6 41. Rd1 Rc6 42. Ra8 Qf5 43. Qd8+ Kg6 44. Ra5 Qf6 45. Rg5+ Kh7 46. Rxh5+ Kg6 47. Qh8 Qe6 48. Rg5+ Kf6 49. Qxg7+ Ke7 50. Re5 1-0